| 000 | 01253nam a2200181Ia 4500 | ||
|---|---|---|---|
| 008 | 100122s9999 xx 000 0 und d | ||
| 082 |
_b44519 _a294.5922 |
||
| 100 | _aदेशपांडे कृ पं | ||
| 245 | _aरामजीवीचा विसावा | ||
| 250 | _a0 | ||
| 260 |
_bअंजली प्रकाशन _c1990 |
||
| 300 | _a120 | ||
| 520 | _a"हिंदुधर्मग्रंथ-रामायण-हिंदुदेवता-राम-गी44519हिंदुधर्मग्रंथ-रामायण-हिंदुदेवता-राम-गी पंथ-भक्ति-भक्ति वा संगीत-धवळा, भारुड, स्तोत्र, आरती" | ||
| 620 | _a"हिंदुधर्मग्रंथ-रामायण-हिंदुदेवता-राम-गी44519हिंदुधर्मग्रंथ-रामायण-हिंदुदेवता-राम-गी पंथ-भक्ति-भक्ति वा संगीत-धवळा, भारुड, स्तोत्र, आरती" | ||
| 630 | _aरामजीवीचा विसावा | ||
| 730 | _aरामजीवीचा विसावा | ||
| 942 | _cBOOK | ||
| 999 |
_c424256 _d424253 |
||